000 00309nam a2200121Ia 4500
008 191201s2019 xx 000 0 und d
100 _aCARNEGIE, Dale
245 0 _aHow to Win Friends and Influence People
260 _aN.Delhi
_bVermilion London
300 _a247
650 _aGeneral Books
942 _2ddc
_cBK
999 _c1891
_d1891